| 000 | 01258cam a2200157 4500500 | ||
|---|---|---|---|
| 005 | 20260208005942.0 | ||
| 041 | _afre | ||
| 042 | _adc | ||
| 100 | 1 | 0 |
_aRey, Pierre-Louis _eauthor |
| 245 | 0 | 0 | _a« Un peu trop grande et trop maigre » |
| 260 | _c2009. | ||
| 500 | _a82 | ||
| 520 | _aScipion Dupleix ne cesse d’écrire tout au long de son parcours de magistrat. A plus de 85ans, l’historiographe du roi forme encore de nouveaux projets : en 1654, il ambitionne ainsi de composer une Vie du duc d’Épernon, le favori d’Henri III auquel il avait déjà dédié son Histoire de ce monarque. Présentant le dessein et la structure du livre, son avant-propos illustre les conditions dans lesquelles écrit l’auteur, qui soumet son projet au fils de son héros en lui demandant des mémoires. Il témoigne aussi d’un style, affiné pendant un demi-siècle, et d’une technique d’écriture. Il confirme enfin le statut remarquable d’un Gascon, reconnu à la Cour, mais fidèle à sa province et à ses gloires. | ||
| 786 | 0 | _nRevue d'histoire littéraire de la France | 109 | 1 | 2009-02-17 | p. 51-60 | 0035-2411 | |
| 856 | 4 | 1 | _uhttps://shs.cairn.info/revue-d-histoire-litteraire-de-la-france-2009-1-page-51?lang=fr&redirect-ssocas=7080 |
| 999 |
_c1654542 _d1654543 |
||